On the increase of spark current during pulse breakdown of air gaps in nanosecond time range; Proceedings of the VIIIth International Conference on Phenomena in Ionized Gases, Vienna, august 27 - september 2, 1967

Detalhes bibliográficos
Parent link:Proceedings of the VIIIth International Conference on Phenomena in Ionized Gases, Vienna, august 27 - september 2, 1967.— 1967.— P. 210
Autor principal: Bichkov Ju. I.
Outros Autores: Iskol'dskij A. M., Mesyats G. A. Gennady Andreyevich
Resumo:В фонде НТБ ТПУ отсутствует
Idioma:inglês
Publicado em: 1967
Assuntos:
Formato: MixedMaterials Capítulo de Livro
KOHA link:https://koha.lib.tpu.ru/cgi-bin/koha/opac-detail.pl?biblionumber=596578

MARC

LEADER 00000naa0a2200000 4500
001 596578
005 20250121113526.0
035 |a (RuTPU)RU\TPU\tpu\19557 
090 |a 596578 
100 |a 20110725d1967 k||y0rusy50 ba 
101 0 |a eng 
102 |a AT 
200 1 |a On the increase of spark current during pulse breakdown of air gaps in nanosecond time range  |f Ju. I. Bichkov, A. M. Iskol'dskij, G. A. Mesyats 
333 |a В фонде НТБ ТПУ отсутствует 
463 |t Proceedings of the VIIIth International Conference on Phenomena in Ionized Gases, Vienna, august 27 - september 2, 1967  |o contributed papers  |v P. 210  |d 1967 
610 1 |a труды учёных ТПУ 
700 1 |a Bichkov  |b Ju. I. 
701 1 |a Iskol'dskij  |b A. M. 
701 1 |a Mesyats  |b G. A.  |c russian physicist  |c academican, vice-president of RAS  |c graduate of Tomsk Polytechnic Institute  |f 1936-  |g Gennady Andreyevich  |3 (RuTPU)RU\TPU\pers\28088  |4 070 
801 1 |a RU  |b 63413507  |c 20110725 
801 2 |a RU  |b 63413507  |c 20110810  |g RCR 
942 |c BK